000 00474nam a2200181Ia 4500
005 20250326130227.0
008 250326s9999 xx 000 0 und d
037 _aTextbook
040 _aFMSL
_beng
_cFMSL
041 _aeng
_2eng
084 _aB2893 L2
_qFMSL
100 _aHouse W C
_9737724
245 0 _aOperations research
_cHouse W C
260 _aNew Delhi
_bNew Delhi
_c1972
300 _a365p
942 _cTB
_hB2893 L2
999 _c1281544
_d1281544